[Event "WJCC U20 Girls 2019"]
[Site "New Delhi"]
[Date "2019.10.21"]
[Round "7.5"]
[White "Afraoui, Anaelle"]
[Black "Berdnyk, Mariia"]
[Result "0-1"]
[WhiteElo "2106"]
[BlackElo "2349"]
[Annotator "NA"]
[PlyCount "72"]
[EventDate "2019.10.15"]
[EventType "swiss"]
[EventCountry "IND"]
[SourceTitle "playchess.com"]
[Source "ChessBase"]
[SourceQuality "1"]
[TimeControl "40/5400+30:1800+30"]

1. e4 {[%emt 0:00:00]} g6 {[%emt 0:00:00]} 2. d4 {[%emt 0:00:00]} Bg7 {[%emt 0:00:00]} 3. Nc3 {[%emt 0:00:07]} d6 {[%emt 0:00:00]} 4. Be3 {[%emt 0:01:09]} a6 {[%emt 0:00:00]} 5. Qd2 {[%emt 0:01:37]} b5 {[%emt 0:00:00]} 6. a4 {[%emt 0:04:42]} b4 {[%emt 0:01:11]} 7. Nce2 {[%emt 0:00:43]} a5 {[%emt 0:03:26]} 8. c3 {[%emt 0:02:59]} Na6 {[%emt 0:17:14]} 9. Ng3 {[%emt 0:05:28]} bxc3 $14 {[%emt 0:02:29]} 10. bxc3 {[%emt 0:01:13]} h5 {[%emt 0:05:33]} 11. Bb5+ {[%emt 0:05:48]} Bd7 {[%emt 0:00:09]} 12. h3 {[%emt 0:02:47]} c6 {[%emt 0:04:33]} 13. Bc4 {[%emt 0:04:05]} Nc7 {[%emt 0:04:47]} 14. Nf3 {[%emt 0:04:51]} h4 {[%emt 0:01:41]} 15. Ne2 {[%emt 0:02:58]} d5 {[%emt 0:06:53]} 16. exd5 {[%emt 0:04:03]} cxd5 {[%emt 0:00:10]} 17. Bd3 {[%emt 0:00:33]} Nf6 {[%emt 0:00:47]} 18. O-O {[%emt 0:01:51]} Ne4 {[%emt 0:01:12]} 19. Qc2 {[%emt 0:06:23]} Nd6 {[%emt 0:04:33]} 20. Bg5 {[%emt 0:08:10]} Bf5 {[%emt 0:00:48]} 21. Rfe1 {[%emt 0:10:39]} Ne6 {[%emt 0:01:06]} 22. Bxh4 {[%emt 0:04:47]} Be4 {[%emt 0:00:35]} 23. Bg3 {[%emt 0:01:34]} Bxf3 {[%emt 0:01:57]} 24. gxf3 {[%emt 0:00:01]} Qd7 {[%emt 0:03:28]} 25. Bxd6 {[%emt 0:17:40]} Qxd6 {[%emt 0:00:12]} 26. Ng3 {[%emt 0:01:50]} Nf4 {[%emt 0:04:43]} 27. Bf1 {[%emt 0:01:13]} Kf8 {[%emt 0:03:28]} 28. Rab1 {[%emt 0:01:08]} Bf6 {[%emt 0:03:35]} 29. Rb7 {[%emt 0:02:12]} Kg7 {[%emt 0:01:53]} 30. Qb2 {[%emt 0:01:25]} Nxh3+ {[%emt 0:01:20]} 31. Bxh3 {[%emt 0:01:09]} Rxh3 {[%emt 0:00:04]} 32. Re3 {[%emt 0:01:52]} Rah8 {[%emt 0:01:21]} 33. Kf1 {[%emt 0:00:44]} Qf4 {[%emt 0:06:17]} 34. Qd2 {[%emt 0:00:39]} Rxg3 {[%emt 0:01:19]} 35. Ke2 {[%emt 0:00:32]} Rh2 {[%emt 0:01:10]} 36. Qd3 {[%emt 0:00:30]} Rgg2 {[%emt 0:00:15]} 0-1

[Event "WJCC U20 Girls 2019"]
[Site "New Delhi"]
[Date "2019.10.21"]
[Round "7.6"]
[White "Antova, Gabriela"]
[Black "Arpita, Mukherjee"]
[Result "1-0"]
[WhiteElo "2318"]
[BlackElo "2271"]
[Annotator "NA"]
[PlyCount "121"]
[EventDate "2019.10.15"]
[EventType "swiss"]
[EventCountry "IND"]
[SourceTitle "playchess.com"]
[Source "ChessBase"]
[SourceQuality "1"]
[TimeControl "40/5400+30:1800+30"]

1. d4 {[%emt 0:00:00]} Nf6 {[%emt 0:00:49]} 2. c4 {[%emt 0:00:00]} g6 {[%emt 0:00:13]} 3. Nf3 {[%emt 0:00:00]} Bg7 {[%emt 0:00:12]} 4. g3 {[%emt 0:00:00]} d6 {[%emt 0:00:17]} 5. Bg2 {[%emt 0:00:07]} O-O {[%emt 0:00:18]} 6. O-O {[%emt 0:00:08]} Nbd7 {[%emt 0:00:23]} 7. Nc3 {[%emt 0:00:14]} e5 {[%emt 0:00:19]} 8. e4 {[%emt 0:00:10]} c6 {[%emt 0:00:28]} 9. h3 {[%emt 0:00:18]} exd4 {[%emt 0:00:21]} 10. Nxd4 {[%emt 0:00:19]} Qa5 {[%emt 0:00:40]} 11. Re1 {[%emt 0:01:16]} Re8 {[%emt 0:00:32]} 12. Be3 {[%emt 0:06:26]} Ne5 {[%emt 0:00:23]} 13. Bf1 {[%emt 0:00:45]} Be6 {[%emt 0:00:41]} 14. Nxe6 {[%emt 0:00:28]} Rxe6 {[%emt 0:00:15]} 15. Kg2 {[%emt 0:00:20]} Rae8 {[%emt 0:00:42] E69: King's Indian: Fianchetto: 6...Nbd7 7 0-0 e5 8 e4 c6 9 h3} 16. Rc1 {[%emt 0:01:16]} Ned7 {[%emt 0:08:22]} 17. f3 {[%emt 0:01:30]} a6 {[%emt 0:06:13]} 18. Qd2 {[%emt 0:10:12]} h5 {[%emt 0:09:29] [#]} 19. a3 $146 {[%emt 0:08:20]} ({Predecessor:} 19. Ne2 Qc7 20. Red1 Ne5 21. Nf4 R6e7 22. Qxd6 Qc8 23. Be2 {½-½ (54) Hammer,J (2625)-Lie,K (2503) Norway 2014}) 19... Qd8 {[%emt 0:16:18]} 20. Rcd1 {[%emt 0:04:16]} Qb8 $16 {[%emt 0:08:48]} 21. Ne2 {[%emt 0:13:40]} Ne5 {[%emt 0:17:51]} 22. Nf4 {[%emt 0:10:09]} Nxf3 {[%emt 0:00:52]} 23. Kxf3 {[%emt 0:01:18]} Nxe4 {[%emt 0:00:25]} 24. Qc1 {[%emt 0:03:06]} R6e7 {[%emt 0:04:28]} 25. Bd3 {[%emt 0:09:06]} Qc8 {[%emt 0:12:16]} 26. Kg2 {[%emt 0:05:46]} h4 {[%emt 0:09:15]} 27. gxh4 {[%emt 0:04:22]} Qf5 {[%emt 0:01:40]} 28. Ne2 {[%emt 0:03:59]} Qd7 {[%emt 0:00:56]} 29. Bd4 {[%emt 0:02:17]} Bxd4 {[%emt 0:00:31]} 30. Nxd4 {[%emt 0:00:01]} c5 {[%emt 0:00:10]} 31. Nf3 {[%emt 0:00:47]} Qf5 {[%emt 0:00:46]} 32. Bxe4 {[%emt 0:07:10]} Rxe4 {[%emt 0:00:02]} 33. Rxe4 {[%emt 0:00:07]} Rxe4 {[%emt 0:00:13]} 34. Re1 {[%emt 0:00:09]} Rxe1 {[%emt 0:00:44]} 35. Qxe1 {[%emt 0:01:19]} Qc2+ {[%emt 0:00:03]} 36. Qd2 {[%emt 0:00:10]} Qxc4 {[%emt 0:00:06]} 37. Qxd6 {[%emt 0:00:23]} Qe2+ {[%emt 0:00:39]} 38. Kg3 {[%emt 0:00:01]} Qxb2 {[%emt 0:00:33]} 39. Qxc5 {[%emt 0:00:05]} b5 {[%emt 0:00:30]} 40. Qc8+ {[%emt 0:02:12]} Kg7 {[%emt 0:00:06]} 41. Qxa6 {[%emt 0:31:16]} b4 {[%emt 0:02:15]} 42. axb4 {[%emt 0:00:00]} Qxb4 {[%emt 0:00:24]} 43. Qe2 {[%emt 0:00:00]} f6 {[%emt 0:02:31]} 44. Qd2 {[%emt 0:00:00]} Qb8+ {[%emt 0:00:08]} 45. Qf4 {[%emt 0:00:00]} Qb3 {[%emt 0:00:45]} 46. Qc7+ {[%emt 0:00:00]} Kf8 {[%emt 0:01:00]} 47. h5 {[%emt 0:00:00]} gxh5 {[%emt 0:00:37]} 48. Qc5+ {[%emt 0:00:00]} Kg7 {[%emt 0:00:09]} 49. Qxh5 {[%emt 0:00:00]} Qb8+ {[%emt 0:01:11]} 50. Kh4 {[%emt 0:00:00]} Qb6 {[%emt 0:00:31]} 51. Qg4+ {[%emt 0:00:00]} Kf7 {[%emt 0:00:16]} 52. Nd4 {[%emt 0:00:00]} Qb4 {[%emt 0:02:52]} 53. Kh5 {[%emt 0:00:00]} Qc5+ {[%emt 0:01:04]} 54. Kh6 {[%emt 0:01:03]} Qc1+ {[%emt 0:00:18]} 55. Kh7 {[%emt 0:00:37]} Qb1+ {[%emt 0:02:19]} 56. Qf5 {[%emt 0:01:13]} Qb7 {[%emt 0:00:07]} 57. Qg6+ {[%emt 0:03:35]} Kf8+ {[%emt 0:00:09]} 58. Kh8 {[%emt 0:00:47]} Qb6 {[%emt 0:01:11]} 59. Nf5 {[%emt 0:00:23]} Qe6 {[%emt 0:00:40]} 60. Qg7+ {[%emt 0:00:23]} Ke8 {[%emt 0:00:03]} 61. Qg8+ {[%emt 0:00:07]} 1-0

[Event "WJCC U20 Girls 2019"]
[Site "New Delhi"]
[Date "2019.10.21"]
[Round "7.7"]
[White "Olde, Margareth"]
[Black "Dordzhieva, Dinara"]
[Result "0-1"]
[WhiteElo "2205"]
[BlackElo "2335"]
[Annotator "TA"]
[PlyCount "56"]
[EventDate "2019.10.15"]
[EventType "swiss"]
[EventCountry "IND"]
[SourceTitle "playchess.com"]
[Source "ChessBase"]
[SourceQuality "1"]

{[%evp 25,98,-16,-20,-43,-20,-77,-71,-56,-77,-79,-77,-122,-122,-139,-138,-131,-141,-235,-241,-236,-201,-212,-128,-165,-168,-493,-476,-617,-617,-612,-603,-687,-624,-597,-602,-602,-609,-609,-531,-597,-632,-620,-613,-613,-613,-632,-632,-626,-614,-956,-943,-847,-675,-670,-670,-657,-647,-923,-878,-2530,-1138,-1104,-1086,-1143,-1032,-1177,-1196,-1144,-1129,-956,-855,-29971,-29972,-29976,-29974]} 1. d4 d5 2. c4 e6 3. Nf3 c6 4. Qc2 Nf6 5. g3 dxc4 6. Qxc4 b5 7. Qc2 Bb7 8. Bg2 Nbd7 9. O-O c5 10. dxc5 Bxc5 11. Nc3 Rc8 12. a3 O-O 13. Qd3 a6 14. e4 {D30: Queen's Gambit Declined: Systems without Nc3} (14. Be3 Nb6 15. Qxd8 Rfxd8 16. Bxc5 Rxc5 17. Rfd1 Rdc8 18. Nd2 Bxg2 19. Kxg2 R5c6 20. a4 b4 21. Na2 a5 {0-1 (51) Hess,R (2574)-Wojtaszek,R (2727) Douglas 2018}) 14... Qc7 15. Bd2 $146 (15. Bf4 $11 e5 16. Be3) ({Predecessor:} 15. Bf4 e5 16. Bg5 h6 17. Bxf6 Nxf6 18. Rac1 Rfd8 19. Qe2 Qe7 20. Nd2 Bd4 21. Ndb1 Qe6 {0-1 (39) Demarre,J (2190)-David,A (2587) Issy les Moulineaux 2009}) 15... Rfd8 16. Qe2 {Black is better.} Qb8 17. Rfd1 Qa8 18. Ng5 h6 19. Nh3 Bd4 20. Nf4 Nc5 {[%cal Rc5e4]} 21. e5 (21. Be3 $17 {was necessary.} Bxe3 22. Rxd8+ Rxd8 23. Qxe3 Ncxe4 24. Nxe4 Bxe4 25. Re1 Bxg2 26. Nxg2) 21... Bxg2 $19 22. Nxg2 Nfe4 23. Be3 Bxe5 ({Don't play} 23... Bxc3 24. Rxd8+ Rxd8 25. bxc3) 24. Rxd8+ Rxd8 25. Nxb5 $2 (25. Bxc5 Bxc3 26. Be3) 25... Nb3 ({Weaker is} 25... axb5 26. Bxc5 Nxc5 27. Qxe5 $19) 26. Re1 axb5 27. Bb6 Nd4 28. Qd3 {[#]} Ng5 {Played: Ne4-c5} 0-1

[Event "WJCC U20 Girls 2019"]
[Site "New Delhi"]
[Date "2019.10.21"]
[Round "7.8"]
[White "Solozhenkina, Elizaveta"]
[Black "Chitlange Sakshi"]
[Result "1-0"]
[WhiteElo "2283"]
[BlackElo "2175"]
[Annotator "TA"]
[PlyCount "137"]
[EventDate "2019.10.15"]
[EventType "swiss"]
[EventCountry "IND"]
[SourceTitle "playchess.com"]
[Source "ChessBase"]
[SourceQuality "1"]

{[%evp 12,137,23,31,40,20,29,20,8,0,2,0,0,-17,-2,0,10,-1,0,-11,19,15,42,41,50,64,139,120,168,172,171,93,156,134,179,189,186,189,182,180,194,170,181,175,246,230,247,241,245,248,241,235,256,209,241,291,267,274,292,172,423,417,470,302,269,206,441,381,343,239,270,267,297,274,268,172,166,177,195,195,289,280,261,255,395,378,341,310,594,583,679,640,636,628,595,582,627,626,617,599,543,492,465,452,390,412,676,672,678,668,1060,1016,942,922,4788,5039,29984,29985,29985,29982,29977,1141,12846,11076,29977,1491,29998,29999]} 1. d4 Nf6 2. c4 e6 3. Nf3 Bb4+ 4. Bd2 Qe7 5. g3 Nc6 6. Nc3 O-O 7. Bg2 Na5 {E11: Bogo-Indian} (7... Bxc3 8. Bxc3 Ne4 9. Rc1 d6 10. d5 Nb8 11. dxe6 fxe6 12. O-O Nc6 13. Nd4 Nxc3 14. Rxc3 Bd7 15. Nc2 Rad8 16. Qd2 b6 17. b4 a5 18. a3 {½-½ (38) Nihal,S (2610)-Ivanchuk,V (2684) Leon 2019}) 8. b3 b6 9. Ne5 Bb7 {The position is equal.} 10. Bxb7 Nxb7 11. O-O c5 12. a3 Bxc3 13. Bxc3 d5 14. cxd5 $146 ({Predecessor:} 14. Bb2 dxc4 15. bxc4 {½-½ (44) Zlochevskij,A (2457)-Kuemin,S (2197) Cappelle-la-Grande 1999}) 14... Nxd5 15. Bb2 Rac8 16. dxc5 Nxc5 17. b4 Ne4 18. Qd3 Ndf6 (18... f5 $14) 19. Rfd1 h6 20. f3 Ng5 21. h4 ({White should try} 21. b5 $18) 21... Ngh7 (21... Rfd8 $142 22. Qa6 Ngh7) 22. Kg2 Nd5 23. e4 Rc2+ 24. Rd2 Rxd2+ 25. Qxd2 Ndf6 26. Nc6 $36 {[%mdl 2048] White is really pushing.} Qb7 27. b5 Re8 (27... a6 $142 28. a4 Ra8) 28. Rd1 $18 a6 29. a4 axb5 30. axb5 Ra8 31. Kh3 Ne8 32. Qb4 Nf8 {[#]} 33. Ba3 $1 Nh7 34. Rd3 Kh8 35. g4 (35. Qd2 $142) 35... Qc7 $2 (35... f5 36. gxf5 (36. exf5 exf5 37. Kg2 fxg4 $16) 36... exf5) 36. Qd2 Nhf6 37. Kg2 Kh7 38. Bc1 Ra1 $2 (38... e5 39. Kf2 Ra4) 39. Ba3 Rb1 40. Qc2 Rxb5 41. e5 {Threatens to win with Rd7+.} g6 42. exf6 Nxf6 43. Nd4 Qxc2+ 44. Nxc2 Nd5 {...Nf4+ is the strong threat.} 45. Kf2 Rb1 (45... Ra5 $142 46. Rb3 h5 47. gxh5 gxh5) 46. Ne3 Nxe3 47. Kxe3 {[%mdl 4096] Endgame KRB-KR} ({Don't do} 47. Rxe3 Kg7 $18) 47... g5 {[#]} (47... f5 $142 48. Kf4 b5 49. gxf5 gxf5) 48. h5 $1 Kg7 49. Be7 b5 $2 (49... f5 {might work better.} 50. Rd7 Kg8) 50. Rd8 b4 51. Rb8 b3 52. Kf2 Rb2+ 53. Kg3 Rb1 54. Bf8+ Kh7 55. Bd6 {White wants to mate with Be5.} f6 56. Rb7+ Kg8 {intending ...b2.} 57. Be7 f5 58. Ba3 fxg4 (58... Rg1+ $142 59. Kh2 Rd1 60. Rxb3 Rd2+ 61. Kh3 Rd8) 59. fxg4 Rg1+ 60. Kf3 Rf1+ 61. Ke4 Re1+ 62. Kd4 Rg1 63. Ke5 Rxg4 64. Kf6 Ra4 65. Kg6 {[%cal Rb7b8]} Ra8 66. Bb2 (66. Rg7+ $142 Kh8 67. Bb2 Rg8 68. Kxh6 Rxg7 69. Bxg7+ Kg8 70. Kg6 b2 71. Bxb2) 66... e5 67. Bxe5 g4 68. Bf6 (68. Rxb3 $142 Ra6+ 69. Bf6 Ra8 70. Kxh6 Kf7 71. Bh4 g3 72. Bxg3 Rg8 73. Rb7+ Kf6 74. Bh4+ Kf5 75. Kh7) 68... g3 69. Rh7 {Accuracy: White = 68%, Black = 36%.} 1-0

[Event "WJCC U20 Girls 2019"]
[Site "New Delhi"]
[Date "2019.10.21"]
[Round "7.9"]
[White "Pandey Srishti"]
[Black "Vantika Agrawal"]
[Result "1-0"]
[WhiteElo "1963"]
[BlackElo "2283"]
[Annotator "NA"]
[PlyCount "83"]
[EventDate "2019.10.15"]
[EventType "swiss"]
[EventCountry "IND"]
[SourceTitle "playchess.com"]
[Source "ChessBase"]
[SourceQuality "1"]
[TimeControl "40/5400+30:1800+30"]

1. b3 e5 2. Bb2 d6 3. e3 Nf6 4. d4 Nbd7 5. dxe5 dxe5 6. Nf3 Bd6 7. Nbd2 Qe7 8. Nc4 O-O 9. Be2 b6 10. O-O Bb7 11. a4 a5 12. Qc1 $15 Ne4 13. Nfd2 Nec5 14. Re1 Qg5 15. f3 f5 16. Bf1 Rae8 17. Qd1 Re6 18. Nxd6 cxd6 19. Qe2 Rh6 20. Rad1 Qh5 21. h3 Qg5 22. f4 exf4 23. Qc4+ Kh8 24. Qxf4 Qg6 25. Nf3 Ne4 26. Qh2 Ng3 27. Kf2 Nc5 28. Bd3 Nge4+ 29. Kg1 Nxd3 30. cxd3 Nc5 31. Nd4 Rh5 32. Rf1 Bxg2 33. Qxg2 Rg5 34. Rf2 f4 35. exf4 Rxf4 36. Qxg5 Qxg5+ 37. Rg2 Qh6 38. Re1 Rf8 39. Nf5 Qf6 40. Bxf6 gxf6 41. Re7 Nxd3 42. Rgg7 1-0

[Event "WJCC U20 Girls 2019"]
[Site "New Delhi"]
[Date "2019.10.21"]
[Round "7.10"]
[White "Diakonova, Ekaterina"]
[Black "Sapale Saloni"]
[Result "1/2-1/2"]
[WhiteElo "2231"]
[BlackElo "2142"]
[Annotator "NA"]
[PlyCount "92"]
[EventDate "2019.10.15"]
[EventType "swiss"]
[EventCountry "IND"]
[SourceTitle "playchess.com"]
[Source "ChessBase"]
[SourceQuality "1"]
[TimeControl "40/5400+30:1800+30"]

1. e4 {[%emt 0:00:00]} Nf6 {[%emt 0:00:00]} 2. e5 {[%emt 0:03:23]} Nd5 {[%emt 0:00:00]} 3. c4 {[%emt 0:00:04]} Nb6 {[%emt 0:00:00]} 4. d4 {[%emt 0:00:04]} d6 {[%emt 0:00:09]} 5. exd6 {[%emt 0:00:03]} cxd6 {[%emt 0:00:07]} 6. Nc3 {[%emt 0:00:28]} g6 {[%emt 0:00:09]} 7. Be3 {[%emt 0:00:04]} Bg7 {[%emt 0:00:09]} 8. Rc1 {[%emt 0:00:41]} O-O {[%emt 0:00:10]} 9. b3 {[%emt 0:00:01]} e5 {[%emt 0:00:10]} 10. dxe5 {[%emt 0:00:04]} dxe5 {[%emt 0:00:07]} 11. Qxd8 {[%emt 0:00:03]} Rxd8 {[%emt 0:00:08]} 12. c5 {[%emt 0:00:02]} N6d7 {[%emt 0:00:09]} 13. Bc4 {[%emt 0:00:13]} Nc6 {[%emt 0:00:21]} 14. Nf3 {[%emt 0:00:04]} h6 {[%emt 0:00:42] B03: Alekhine's Defence: Four Pawns Attack} 15. O-O {[%emt 0:05:32]} Nf8 {[%emt 0:00:42]} 16. Nb5 {[%emt 0:10:15]} Be6 {[%emt 0:01:22]} 17. Nd6 {[%emt 0:05:47]} Bxc4 {[%emt 0:01:56]} 18. Rxc4 {[%emt 0:00:19]} Rd7 {[%emt 0:00:07]} 19. b4 {[%emt 0:04:21]} Ne6 {[%emt 0:07:29]} 20. Re1 {[%emt 0:20:50]} Rad8 $146 {[%emt 0:09:58]} ({Predecessor:} 20... f5 21. b5 Ne7 22. Bxh6 Bxh6 23. Nxe5 {½-½ (42) Kulaots,K (2574)-Chekhova Kostina,T (2246) Minsk 2015}) 21. Bc1 {[%emt 0:14:31]} (21. b5 $11 Ne7 22. g3) 21... b6 {[%emt 0:12:52]} 22. Ba3 {[%emt 0:02:20]} Ncd4 {[%emt 0:17:40]} 23. Nxd4 $15 {[%emt 0:10:33]} Nxd4 {[%emt 0:05:02]} 24. h3 {[%emt 0:06:39]} Rc7 {[%emt 0:07:26]} 25. Rcc1 {[%emt 0:06:22]} f5 {[%emt 0:08:43]} 26. Nc4 {[%emt 0:00:51]} bxc5 {[%emt 0:02:33]} 27. Nxe5 {[%emt 0:02:47]} Nb5 {[%emt 0:01:57]} 28. Bb2 {[%emt 0:00:14]} cxb4 {[%emt 0:06:02]} 29. Rxc7 {[%emt 0:00:16]} Nxc7 {[%emt 0:00:06]} 30. Nc6 {[%emt 0:01:00]} Rd7 {[%emt 0:00:40]} 31. Bxg7 {[%emt 0:01:36]} Kxg7 {[%emt 0:00:09]} 32. Nxb4 {[%emt 0:00:30]} Kf6 {[%emt 0:01:10]} 33. Rc1 {[%emt 0:00:06]} Ne6 {[%emt 0:00:33]} 34. Rc6 {[%emt 0:01:09]} a5 {[%emt 0:03:34]} 35. Na6 {[%emt 0:01:53]} Rd1+ {[%emt 0:01:16]} 36. Kh2 {[%emt 0:00:01]} Ke5 {[%emt 0:00:49]} 37. Nc5 {[%emt 0:02:16]} Nxc5 {[%emt 0:00:34]} 38. Rxc5+ {[%emt 0:00:04]} Rd5 {[%emt 0:00:07]} 39. Rc6 {[%emt 0:01:07]} Rd6 {[%emt 0:00:13]} 40. Rc5+ {[%emt 0:00:13]} Rd5 {[%emt 0:00:06]} 41. f4+ {[%emt 0:32:59]} Ke6 {[%emt 0:31:42]} 42. Rc4 {[%emt 0:00:00]} Kd7 {[%emt 0:00:00]} 43. Rc3 {[%emt 0:00:00]} Rd4 {[%emt 0:00:00]} 44. Kg3 {[%emt 0:00:00]} Ra4 {[%emt 0:00:00]} 45. a3 {[%emt 0:00:00]} Kd6 {[%emt 0:00:00]} 46. Kf3 {[%emt 0:00:00] Kc6 Re3} Kd5 {[%emt 0:02:10] Re6} 1/2-1/2

[Event "WJCC U20 Girls 2019"]
[Site "New Delhi"]
[Date "2019.10.21"]
[Round "7.11"]
[White "Potluri Supreetha"]
[Black "Mrudul Dehankar"]
[Result "1/2-1/2"]
[WhiteElo "1767"]
[BlackElo "2227"]
[Annotator "NA"]
[PlyCount "95"]
[EventDate "2019.10.15"]
[EventType "swiss"]
[EventCountry "IND"]
[SourceTitle "playchess.com"]
[Source "ChessBase"]
[SourceQuality "1"]
[TimeControl "40/5400+30:1800+30"]

1. d4 {[%emt 0:00:00]} Nf6 {[%emt 0:00:00]} 2. Nf3 {[%emt 0:00:00]} e6 {[%emt 0:00:34]} 3. c4 {[%emt 0:00:00]} Bb4+ {[%emt 0:01:16]} 4. Nbd2 {[%emt 0:00:06]} b6 {[%emt 0:00:33]} 5. a3 {[%emt 0:02:39]} Bxd2+ {[%emt 0:00:43]} 6. Qxd2 {[%emt 0:01:41]} Bb7 {[%emt 0:00:53]} 7. e3 {[%emt 0:00:18]} d6 {[%emt 0:00:31]} 8. Be2 {[%emt 0:02:09]} Nbd7 {[%emt 0:01:25]} 9. O-O {[%emt 0:00:35]} O-O {[%emt 0:01:11]} 10. b4 {[%emt 0:03:37]} Ne4 {[%emt 0:04:23]} 11. Qc2 {[%emt 0:00:26]} f5 {[%emt 0:03:58]} 12. Bb2 {[%emt 0:01:45]} Qe7 {[%emt 0:29:30]} 13. Rad1 {[%emt 0:08:04]} a5 {[%emt 0:03:08]} 14. d5 {[%emt 0:32:55]} e5 {[%emt 0:03:09]} 15. Bd3 {[%emt 0:37:17]} Ndf6 $11 {[%emt 0:04:22]} 16. Ne1 {[%emt 0:05:07]} g6 {[%emt 0:16:31]} 17. f3 {[%emt 0:01:08]} Ng5 {[%emt 0:00:05]} 18. f4 {[%emt 0:00:08]} Ng4 {[%emt 0:11:00]} 19. Bc1 {[%emt 0:01:00]} Nf7 {[%emt 0:06:53]} 20. e4 {[%emt 0:00:19]} fxe4 {[%emt 0:06:42]} 21. Bxe4 {[%emt 0:00:05]} exf4 {[%emt 0:00:41]} 22. Bxg6 {[%emt 0:01:03]} Ng5 {[%emt 0:01:26]} 23. Bd3 {[%emt 0:00:31]} Ne3 {[%emt 0:01:45]} 24. Bxe3 {[%emt 0:00:28]} fxe3 {[%emt 0:00:09]} 25. Nf3 {[%emt 0:00:34]} Nxf3+ {[%emt 0:01:04]} 26. gxf3 {[%emt 0:00:27]} Qe5 {[%emt 0:00:31]} 27. Bxh7+ {[%emt 0:00:27]} Kf7 {[%emt 0:00:35]} 28. Rde1 {[%emt 0:00:30]} Rh8 {[%emt 0:00:27]} 29. Qg6+ {[%emt 0:00:31]} Kf8 {[%emt 0:00:29]} 30. f4 {[%emt 0:00:32]} Qg7 {[%emt 0:00:30]} 31. Qxg7+ {[%emt 0:00:29]} Kxg7 {[%emt 0:00:02]} 32. Bd3 {[%emt 0:00:30]} axb4 {[%emt 0:00:55]} 33. axb4 {[%emt 0:00:01]} Ra2 {[%emt 0:00:35]} 34. Re2 {[%emt 0:00:57]} Rxe2 {[%emt 0:00:28]} 35. Bxe2 {[%emt 0:00:01]} Kf6 {[%emt 0:00:33]} 36. Rf3 {[%emt 0:00:34]} Re8 {[%emt 0:00:28]} 37. b5 {[%emt 0:01:02]} Bc8 {[%emt 0:00:27]} 38. h3 {[%emt 0:00:30]} Bf5 {[%emt 0:00:31]} 39. Kf1 {[%emt 0:00:29]} Bg6 {[%emt 0:00:33]} 40. f5 {[%emt 0:00:30]} Bf7 {[%emt 0:00:28]} 41. Rf4 {[%emt 0:30:34]} Ke5 {[%emt 0:03:55]} 42. Rh4 {[%emt 0:00:00]} Kxf5 {[%emt 0:08:08]} 43. Bd3+ {[%emt 0:00:00]} Kg5 {[%emt 0:01:57]} 44. Rg4+ {[%emt 0:00:00]} Kh6 {[%emt 0:03:12]} 45. Rh4+ {[%emt 0:00:00]} Kg5 {[%emt 0:03:01]} 46. Rg4+ {[%emt 0:00:00]} Kh6 {[%emt 0:03:27]} 47. Rh4+ {[%emt 0:00:00]} Kg5 {[%emt 0:01:47]} 48. Rg4+ {[%emt 0:00:00] Kf5} 1/2-1/2

[Event "WJCC U20 Girls 2019"]
[Site "New Delhi"]
[Date "2019.10.21"]
[Round "7.12"]
[White "Zhu, Jiner"]
[Black "Priyanka, Kumari"]
[Result "1/2-1/2"]
[WhiteElo "2507"]
[BlackElo "1921"]
[Annotator "TA"]
[PlyCount "119"]
[EventDate "2019.10.15"]
[EventType "swiss"]
[EventCountry "IND"]
[SourceTitle "playchess.com"]
[Source "ChessBase"]
[SourceQuality "1"]

{[%evp 20,119,20,12,7,5,6,0,0,0,22,10,8,0,14,12,10,5,27,27,40,-27,-29,-27,0,0,0,0,0,-16,0,-18,-8,-23,0,0,50,36,30,40,37,37,44,31,31,0,0,0,0,0,0,0,0,0,0,0,0,0,0,0,0,0,0,0,0,0,0,0,0,0,0,0,0,0,0,0,0,0,0,0,0,0,0,0,0,0,0,0,0,0,0,0,0,0,0,0,0,0,0,0,0,0]} 1. e4 c5 2. Nf3 d6 3. d4 cxd4 4. Nxd4 Nf6 5. Nc3 a6 6. Be3 e5 7. Nf3 Be7 8. Bc4 O-O 9. O-O Nc6 10. Bb3 Be6 11. Bg5 Nd7 {B90: Sicilian Najdorf: Unusual White 6th moves, 6 Be3 Ng4 and 6 Be3 e5} 12. Bxe7 Qxe7 13. Qe2 {[#]} Rac8 $146 ({Predecessor:} 13... Nf6 14. Rad1 Bg4 15. Qe3 Rac8 16. Rd2 Na5 17. Rfd1 Rfd8 18. h3 Nxb3 19. axb3 {½-½ (65) Caruana,F (2757)-Anand,V (2780) Zuerich 2013}) 14. Rfd1 Rfd8 15. Rd2 Nf6 16. Rad1 Na5 17. Nd5 Nxd5 18. Bxd5 b5 19. c3 Nc4 20. Bxc4 ({Better is} 20. Rd3 $14) 20... Bxc4 $11 21. Qe3 Qc7 22. h3 f6 23. b3 Be6 24. Rd3 Rd7 25. Nd2 Rcd8 26. c4 bxc4 27. Nxc4 d5 28. Qb6 Qxb6 29. Nxb6 Rd6 30. Nxd5 Bxd5 31. Rxd5 Rxd5 32. Rxd5 (32. exd5 {seems wilder.} Kf7 33. Rd3 a5 34. Kf1 Ke7 35. g3) 32... Rxd5 {The position is equal.} 33. exd5 $14 {[%mdl 4096] [#] Endgame Hoping for b4. KP-KP} Kf7 34. Kf1 Ke7 35. Ke2 Kd6 36. Kd3 {Kc4 is the strong threat.} Kxd5 37. g4 Kc5 {Black wants to play ...Kb4.} 38. a3 Kd5 39. f3 g6 40. b4 h6 41. h4 h5 42. a4 Kd6 43. Ke4 Ke6 44. Ke3 Kd5 45. Kd3 Kd6 46. f4 exf4 ({Don't blunder} 46... hxg4 $2 47. f5 $18) 47. gxh5 gxh5 48. Ke4 f3 49. Kxf3 $11 {K3P-K3P} Kd5 50. Kf4 {[#] Threatens to win with Kf5.} Kc4 51. Kf5 Kxb4 52. Kg6 Kxa4 53. Kxh5 {KPP-KP} Kb3 54. Kg6 {White wants to mate with h5.} a5 55. h5 {Intending h6 and mate.} a4 56. h6 {Threatening mate with h7.} a3 57. h7 a2 58. h8=Q a1=Q 59. Qxf6 Qxf6+ 60. Kxf6 {Accuracy: White = 74%, Black = 75%.} 1/2-1/2